International economics / (Record no. 123500)

MARC details
000 -LEADER
fixed length control field 00687nam a22002297a 4500
005 - DATE AND TIME OF LATEST TRANSACTION
control field 20170124105926.0
010 ## - LIBRARY OF CONGRESS CONTROL NUMBER
LC control number A-297460
020 ## - INTERNATIONAL STANDARD BOOK NUMBER
Terms of availability 00.00
035 ## - SYSTEM CONTROL NUMBER
System control number A-297460
037 ## - SOURCE OF ACQUISITION
Source of stock number/acquisition Cen Lib/Ret
040 ## - CATALOGING SOURCE
Original cataloging agency DPL
Language of cataloging EN
082 ## - DEWEY DECIMAL CLASSIFICATION NUMBER
Classification number 330
Item number JHI
100 ## - MAIN ENTRY--PERSONAL NAME
Personal name Jhingan, M. L.
9 (RLIN) 6515
245 ## - TITLE STATEMENT
Title International economics /
Statement of responsibility, etc by M. L. Jhingan
260 ## - PUBLICATION, DISTRIBUTION, ETC. (IMPRINT)
Place of publication, distribution, etc New Delhi
Name of publisher, distributor, etc Konark Publications
Date of publication, distribution, etc 1986
270 ## - ADDRESS
Address 16/4560, Daryaganj
City New Delhi
Postal code 110002
300 ## - PHYSICAL DESCRIPTION
Extent xi,390p.
Dimensions 20cm(Hb)
500 ## - GENERAL NOTE
General note Includes bibliographical references and index
650 ## - SUBJECT ADDED ENTRY--TOPICAL TERM
Topical term or geographic name as entry element International economic relations
9 (RLIN) 6516
650 ## - SUBJECT ADDED ENTRY--TOPICAL TERM
Topical term or geographic name as entry element Commercial policy
9 (RLIN) 6517
942 ## - ADDED ENTRY ELEMENTS (KOHA)
Source of classification or shelving scheme Dewey Decimal Classification
Koha item type English Books
Classification part 330
Call number suffix JHI
Holdings
Withdrawn status Lost status Damaged status Not for loan Home library Current library Date acquired Source of acquisition Cost, normal purchase price Total Checkouts Total Renewals Full call number Barcode Date last seen Date checked out Copy number Cost, replacement price Price effective from Koha item type
        Central Library Central Library 08/06/2015 Cen Lib/Ret 0.00 1 1 330 JHI A-297460 24/01/2019 12/11/2018 1 0.00 08/06/2015 English Books

© Delhi Public Library
Hit Counter
free hit counter